[Event "AUTO-INT-3621"]
[Site "http://www.queenalice.com/game.php?id=1638395"]
[Date "2020.12.31"]
[Round "1"]
[White "Cowdog"]
[Black "ThiagoSousa"]
[Result "0-1"]
[WhiteElo "1328"]
[BlackElo "1490"]

1. e4 c5 2. Nf3 Nc6 3. Bb5 a6 4. Ba4 b5 5. Bb3 c4 6. Nc3 cxb3 7. axb3 Bb7 8. d3
g6 9. Bf4 Bg7 10. O-O e6 11. Bd6 Nge7 12. d4 Qb6 13. Ng5 Nxd4 14. Bxe7 Kxe7 15.
Qd2 Bh6 16. Rad1 e5 17. h4 b4 18. Nd5+ Bxd5 19. exd5 Qb5 20. Rde1 d6 21. Qxd4
Kf6 22. Ne4+ Ke7 23. g4 exd4 24. Nc3+ Kd7 25. Nxb5 axb5 26. Re4 Bg7 27. Rfe1 Ra2
28. Re7+ Kd8 29. Rxf7 Rg8 30. Rb1 d3 31. cxd3 Rxb2 32. Rxb2 Bxb2 33. Rxh7 Rf8
34. h5 gxh5 35. g5 Rg8 36. Rxh5 Bc1 37. Rh4 Bxg5 38. Rg4 Ke7 39. Kg2 Kf6 40. f4
Rg6 41. fxg5+ Rxg5 42. Rxg5 Kxg5 43. Kf3 Kf5 44. Ke3 Ke5 45. Kd2 Kxd5 46. Kc2
Kd4 47. Kd2 d5 48. Kc2 Ke3 0-1

[Event "AUTO-INT-3621"]
[Site "http://www.queenalice.com/game.php?id=1638396"]
[Date "2020.12.31"]
[Round "1"]
[White "ThiagoSousa"]
[Black "Cowdog"]
[Result "1-0"]
[WhiteElo "1495"]
[BlackElo "1291"]

1. e4 e5 2. Nf3 Nc6 3. Bb5 a6 4. Ba4 Nf6 5. O-O Nxe4 6. Qe2 b5 7. Bb3 d6 8. Qxe4
Bb7 9. Nc3 Be7 10. Bd5 Qd7 11. b3 f5 12. Qe2 Rb8 13. d3 b4 14. Nd1 Na5 15. Bxb7
Nxb7 16. Bg5 Bxg5 17. Nxg5 1-0

[Event "AUTO-INT-3633"]
[Site "http://www.queenalice.com/game.php?id=1641637"]
[Date "2021.1.27"]
[Round "1"]
[White "BobFicha"]
[Black "Cowdog"]
[Result "1-0"]
[WhiteElo "1784"]
[BlackElo "1313"]

1. e4 c5 2. Nc3 Nf6 3. d4 d6 4. dxc5 dxc5 5. Qxd8+ Kxd8 6. Bg5 Nc6 7. O-O-O+ Nd4
8. Bxf6 gxf6 9. Nf3 e5 10. Nxd4 cxd4 11. Nd5 Be6 12. Bc4 Rc8 13. Bb3 Bh6+ 14.
Kb1 Rg8 15. g3 Bxd5 16. Bxd5 b6 17. Bxf7 Rg7 18. Bb3 Rgc7 19. Rhf1 a5 20. f4 b5
21. fxe5 fxe5 22. Rf2 Be3 23. Rf8+ Ke7 24. Rxc8 Rxc8 25. g4 Rf8 26. Bd5 Bg5 27.
c3 dxc3 28. bxc3 Rf2 29. Rh1 Rg2 30. h4 Bd2 31. Kc2 Bf4+ 32. Kb3 Rxg4 33. Bc6
Be3 34. a4 bxa4+ 35. Kxa4 Kd6 36. Bd5 Bd2 37. Kxa5 Bxc3+ 38. Kb5 Bd4 39. h5 h6
40. Rf1 Rf4 41. Rc1 Rh4 42. Rc6+ Kd7 43. Rxh6 Rxh5 44. Rxh5 Ke7 45. Rh6 Kd7 46.
Ka6 Kc7 47. Rc6+ Kd7 48. Kb7 Ke7 49. Kc7 Kf8 50. Kd7 1-0

[Event "AUTO-INT-3633"]
[Site "http://www.queenalice.com/game.php?id=1641638"]
[Date "2021.1.27"]
[Round "1"]
[White "Cowdog"]
[Black "BobFicha"]
[Result "0-1"]
[WhiteElo "1330"]
[BlackElo "1717"]

1. e4 e5 2. Nc3 Nc6 3. f4 Bc5 4. Nf3 exf4 5. d4 Bb4 6. Bc4 Bxc3+ 7. bxc3 Na5 8.
Bb3 Nxb3 9. axb3 g5 10. O-O d6 11. g3 g4 12. Ne1 f3 13. h3 h5 14. h4 b6 15. Nd3
Bb7 16. e5 dxe5 17. Nxe5 Ne7 18. Bg5 Qd6 19. Qd2 f6 20. Nc4 Qxg3+ 21. Kh1 f2+
0-1

[Event "AUTO-INT-3633"]
[Site "http://www.queenalice.com/game.php?id=1641655"]
[Date "2021.1.27"]
[Round "1"]
[White "Cowdog"]
[Black "akleetch"]
[Result "1-0"]
[WhiteElo "1383"]
[BlackElo "1732"]

1. e4 e5 2. Nc3 Nc6 3. f4 exf4 4. d4 Bb4 5. Nf3 Qf6 6. Bd3 a6 7. O-O Nxd4 8.
Nxd4 Bc5 9. Ne2 Bxd4+ 10. Nxd4 Qxd4+ 11. Kh1 Nf6 12. Qf3 d6 13. Qxf4 O-O 14. Rb1
Be6 15. b3 c5 16. Bb2 Qb4 17. Bxf6 gxf6 18. Qxf6 Qd4 19. Qxd4 cxd4 20. Rbd1 d5
21. exd5 Bxd5 22. Rf4 Rad8 23. Rxd4 Rd6 24. Bxh7+ Kxh7 25. Rxd5 Rxd5 26. Rxd5
Kg7 27. g4 f6 28. Rd7+ Rf7 29. Rxf7+ Kxf7 30. Kg2 Kg6 31. h4 b5 32. Kg3 a5 33.
Kf4 b4 34. h5+ Kg7 35. Kf5 Kf7 36. h6 Kg8 37. Kxf6 1-0

[Event "AUTO-INT-3633"]
[Site "http://www.queenalice.com/game.php?id=1641656"]
[Date "2021.1.27"]
[Round "1"]
[White "akleetch"]
[Black "Cowdog"]
[Result "1-0"]
[WhiteElo "1746"]
[BlackElo "1297"]

1. e4 c5 2. Bc4 e6 3. Nc3 Nf6 4. d4 cxd4 5. Qxd4 Nc6 6. Qd3 Bc5 7. h3 a6 8. a3
O-O 9. Bg5 Be7 10. Nf3 b5 11. Bb3 Bb7 12. O-O Na5 13. Ba2 Rc8 14. Bb1 Nc4 15.
Ra2 d5 16. e5 Nd7 17. Bf4 Qc7 18. Re1 Nc5 19. Qd4 Ra8 20. b3 Na5 21. b4 Nd7 22.
bxa5 Bc5 23. Qd3 d4 24. Ne4 Rac8 25. c3 Bxe4 26. Qxe4 dxc3 27. Qxh7# 1-0

[Event "AUTO-INT-3633"]
[Site "http://www.queenalice.com/game.php?id=1641657"]
[Date "2021.1.27"]
[Round "1"]
[White "Cowdog"]
[Black "edsonjob"]
[Result "1-0"]
[WhiteElo "1323"]
[BlackElo "1418"]

1. e4 c5 2. Nf3 Nc6 3. d4 e6 4. Bb5 a6 5. Bxc6 dxc6 6. Bf4 Bd6 7. Bxd6 Qxd6 8.
c3 f6 9. O-O Ne7 10. dxc5 Qxc5 11. Nbd2 O-O 12. Re1 Re8 13. Nb3 Qh5 14. Qd6 Qf7
15. Nc5 f5 16. Ng5 Qf6 17. f4 e5 18. Qxf6 gxf6 19. Nh3 b6 20. Na4 Rb8 21. fxe5
fxe5 22. Rad1 Ng6 23. Rd6 c5 24. Nxb6 Bb7 25. exf5 Kf7 26. fxg6+ hxg6 27. Rf1+
Kg7 28. Rff6 Rbd8 29. Rxg6+ Kf7 30. Ng5+ Ke7 31. Rge6+ Kf8 32. Ne4 Bxe4 33. Rh6
Rxd6 34. Rxd6 Re7 35. h4 Rg7 36. Rd2 Kg8 37. Nc4 Re7 38. Kf2 Rf7+ 39. Ke3 1-0

[Event "AUTO-INT-3633"]
[Site "http://www.queenalice.com/game.php?id=1641658"]
[Date "2021.1.27"]
[Round "1"]
[White "edsonjob"]
[Black "Cowdog"]
[Result "0-1"]
[WhiteElo "1398"]
[BlackElo "1368"]

1. c4 e5 2. Nc3 Bb4 3. a3 Ba5 4. Nf3 Nc6 5. d4 d6 6. Bd2 Nf6 7. h3 O-O 8. e3
exd4 9. Nxd4 Nxd4 10. exd4 Re8+ 11. Be2 Bxc3 12. Bxc3 Re7 13. O-O Ne4 14. Rc1
Qe8 15. Bd3 Bf5 16. Re1 Nxc3 17. bxc3 Bxd3 18. Rxe7 Qxe7 19. Qxd3 Re8 20. c5 Qe6
21. Kh2 g6 22. f3 Qe3 23. Qxe3 Rxe3 24. Kg3 Kg7 25. cxd6 cxd6 26. a4 Kf6 27. c4
Ra3 28. c5 Rxa4 29. cxd6 Rxd4 30. Rc7 b5 31. Rxa7 Ke6 32. Re7+ Kf6 33. Rb7 b4
34. d7 Ke7 35. d8=Q+ Kxd8 36. Rxf7 Rd7 37. Rf4 Rb7 38. Rd4+ Kc7 39. Kh4 b3 40.
Rd1 Rb5 41. g4 b2 42. Rb1 Kb6 43. Kg3 Ka5 44. h4 Ka4 45. g5 Ka3 0-1

[Event "Challenge"]
[Site "http://www.queenalice.com/game.php?id=1642471"]
[Date "2021.2.3"]
[Round "-"]
[White "Cowdog"]
[Black "BMJFF33"]
[Result "1-0"]
[WhiteElo "1315"]
[BlackElo "1342"]

1. e4 e5 2. Nc3 Bb4 3. f4 exf4 4. d4 Bxc3+ 5. bxc3 g5 6. Nf3 d6 7. Bc4 Bg4 8.
O-O Bxf3 9. gxf3 Nd7 10. Rb1 Rb8 11. Re1 Ndf6 12. e5 dxe5 13. Rxe5+ Kf8 14. Rxg5
h6 15. Re5 Qd6 16. Bxf4 Qa3 17. Rc5 c6 18. Bxb8 Nd7 19. Rf5 Nxb8 20. Rxf7+ Ke8
21. Rbxb7 Qd6 22. Qe2+ 1-0

[Event "AUTO-INT-3642"]
[Site "http://www.queenalice.com/game.php?id=1643922"]
[Date "2021.2.17"]
[Round "1"]
[White "BobFicha"]
[Black "Cowdog"]
[Result "1-0"]
[WhiteElo "1697"]
[BlackElo "1332"]

1. e4 c5 2. Nf3 Nc6 3. Bb5 g6 4. Bxc6 dxc6 5. Nc3 Bg7 6. O-O Nf6 7. d3 O-O 8.
Be3 Qd6 9. e5 Qc7 10. exf6 Bxf6 11. Bxc5 1-0

[Event "AUTO-INT-3642"]
[Site "http://www.queenalice.com/game.php?id=1643923"]
[Date "2021.2.17"]
[Round "1"]
[White "Cowdog"]
[Black "BobFicha"]
[Result "0-1"]
[WhiteElo "1311"]
[BlackElo "1786"]

1. e4 e5 2. Nc3 Nf6 3. g3 b6 4. d4 exd4 5. Qxd4 Nc6 6. Qc4 Bb7 7. Bf4 Qe7 8.
O-O-O d6 9. Nf3 Na5 10. Qd3 Bxe4 11. Nxe4 Nxe4 12. Re1 f5 13. g4 g6 14. Ng5 Bh6
15. Nh3 Bxf4+ 16. Nxf4 Qg5 17. Qf3 O-O-O 18. h4 Qxg4 19. Qxg4 fxg4 20. Rxe4 d5
21. Rd4 c6 22. Rg1 Rhe8 23. Rd1 Rf8 24. Nd3 Rde8 25. Rxg4 c5 26. Rf4 c4 27. Rxf8
Rxf8 28. Nb4 Rxf2 29. Nxd5 Rh2 30. Rd4 Rh1 31. Ne3 b5 32. b3 cxb3 33. cxb3 Nc6
34. Rg4 a6 35. Kb2 Ne5 36. Re4 Rh2+ 37. Ka3 Nf3 38. Ng2 Nd2 39. Re8+ Kd7 40. Rf8
Nxf1 0-1

[Event "AUTO-INT-3642"]
[Site "http://www.queenalice.com/game.php?id=1643934"]
[Date "2021.2.17"]
[Round "1"]
[White "Zanocovsky"]
[Black "Cowdog"]
[Result "1-0"]
[WhiteElo "1812"]
[BlackElo "1370"]

1. d4 Nf6 2. Nf3 g6 3. c4 Bg7 4. e4 Nxe4 5. Bd3 Nf6 6. O-O d6 7. Nc3 c5 8. dxc5
dxc5 9. Bf4 Qb6 10. Qc2 O-O 11. Rfd1 Be6 12. Ne5 Nbd7 13. h3 Nh5 14. Nxd7 Bxd7
15. Nd5 Qd8 16. Bh2 Bc6 17. Be4 Qd7 18. Nf6+ Bxf6 19. Rxd7 1-0

[Event "AUTO-INT-3642"]
[Site "http://www.queenalice.com/game.php?id=1643935"]
[Date "2021.2.17"]
[Round "1"]
[White "Cowdog"]
[Black "Zanocovsky"]
[Result "0-1"]
[WhiteElo "1385"]
[BlackElo "1828"]

1. e4 c5 2. Nf3 d6 3. d4 cxd4 4. Qxd4 Nc6 5. Qa4 Bd7 6. Bd3 e6 7. Nc3 a6 8. Bg5
Be7 9. O-O-O Bxg5+ 10. Nxg5 Qxg5+ 11. Kb1 Ne5 12. Qd4 Qe7 13. f4 Ng6 14. Rhe1
Nxf4 15. g3 Nxd3 16. Qxd3 Bc6 17. Qd4 Nf6 18. e5 dxe5 19. Qxe5 O-O 0-1

[Event "AUTO-INT-3642"]
[Site "http://www.queenalice.com/game.php?id=1643942"]
[Date "2021.2.17"]
[Round "1"]
[White "Cowdog"]
[Black "Ditto"]
[Result "0-1"]
[WhiteElo "1452"]
[BlackElo "1378"]

1. e4 e5 2. Nc3 Nc6 3. g3 Bc5 4. Bg2 d6 5. Na4 Bd4 6. Ne2 Bg4 7. c3 Bb6 8. Nxb6
axb6 9. h3 Be6 10. d4 exd4 11. Nxd4 Qd7 12. O-O Bc4 13. Re1 Nge7 14. Qg4 Qxg4
15. hxg4 Ne5 16. f3 Nd3 17. Rd1 Ne5 18. Bf4 N5g6 19. b3 Ba6 20. Re1 O-O 21. Bf1
Nxf4 22. gxf4 Ng6 23. f5 Ne5 24. a4 c5 25. Nb5 Nxf3+ 0-1

[Event "AUTO-INT-3642"]
[Site "http://www.queenalice.com/game.php?id=1643943"]
[Date "2021.2.17"]
[Round "1"]
[White "Ditto"]
[Black "Cowdog"]
[Result "1-0"]
[WhiteElo "1259"]
[BlackElo "1433"]

1. e4 c5 2. Bc4 Nc6 3. Qf3 Ne5 4. Qe2 Nf6 5. Bb3 d6 6. Nf3 g6 7. Ng5 e6 8. d3
Bg7 9. O-O O-O 10. Nf3 Nxf3+ 11. Qxf3 Bd7 12. Re1 Bc6 13. Bg5 Qa5 14. c3 Qd8 15.
Nd2 h6 16. Be3 Rc8 17. Qh3 Bb5 18. c4 Bc6 19. Bxh6 Bxh6 20. Qxh6 Nh7 21. Nf3 Qf6
22. Rab1 b5 23. Qe3 bxc4 24. Bxc4 Rb8 25. Qe2 Rfe8 26. a3 1-0

[Event "Challenge"]
[Site "http://www.queenalice.com/game.php?id=1644654"]
[Date "2021.2.24"]
[Round "-"]
[White "Cowdog"]
[Black "crisvolei"]
[Result "1-0"]
[WhiteElo "1432"]
[BlackElo "1540"]

1. e4 e5 2. Nc3 c6 3. Nf3 f6 4. d4 Bd6 5. Bc4 g5 6. dxe5 Bxe5 7. O-O d5 8. exd5
Ne7 9. Qe2 cxd5 10. Nxd5 Nxd5 11. Nxe5 O-O 12. Ng4 Kg7 13. Bd2 Re8 14. Qd3 Bxg4
15. Bxd5 Qd7 16. Bc3 Bf5 17. Qf3 Nc6 18. Bb3 Ne5 19. Bxe5 Rxe5 20. Rae1 g4 21.
Qc3 Rxe1 22. Rxe1 Re8 23. g3 Rxe1+ 24. Qxe1 h5 25. Qb4 Qd1+ 26. Kg2 Qf3+ 27. Kf1
Qh1+ 28. Ke2 Qf3+ 29. Ke1 Qe4+ 30. Qxe4 Bxe4 31. Ke2 a5 32. c3 b5 33. a4 Bf3+
34. Ke3 bxa4 35. Bxa4 Kg6 36. Kf4 Bd5 37. b4 axb4 38. cxb4 Bc4 39. b5 Bd5 40. b6
Bg2 41. Bd7 Bf3 42. Bc8 Kh6 43. b7 Bxb7 44. Bxb7 f5 45. Bc8 Kg6 46. Bxf5+ Kf6
47. Bxg4 hxg4 48. Kxg4 Kg6 49. h4 Kh6 50. Kf5 1-0

[Event "AUTO-BEG-675"]
[Site "http://www.queenalice.com/game.php?id=1645262"]
[Date "2021.3.1"]
[Round "1"]
[White "Cowdog"]
[Black "playagain"]
[Result "0-1"]
[WhiteElo "1309"]
[BlackElo "1403"]

1. e4 c5 2. a3 g6 3. Nc3 Bg7 4. Bc4 e6 5. d3 Nf6 6. Be3 b6 7. Nf3 Bb7 8. O-O O-O
9. Qd2 d5 10. exd5 exd5 11. Nxd5 Bxd5 12. Bxd5 Nxd5 13. Rab1 Nc6 14. Bh6 Qe7 15.
Bxg7 Kxg7 16. Rbe1 Qf6 17. c4 Nf4 18. Re4 Ne6 19. Rfe1 Ned4 20. Nxd4 Nxd4 21.
Rf4 Qc6 22. Qe3 Nc2 0-1

[Event "AUTO-BEG-675"]
[Site "http://www.queenalice.com/game.php?id=1645263"]
[Date "2021.3.1"]
[Round "1"]
[White "playagain"]
[Black "Cowdog"]
[Result "0-1"]
[WhiteElo "1438"]
[BlackElo "1415"]

1. e4 c5 2. g3 d6 3. Bg2 Nf6 4. Nc3 g6 5. d3 Bg7 6. Nf3 O-O 7. O-O Nc6 8. Nd5
Nxd5 9. exd5 Nb4 10. c3 Nxd5 11. c4 Nb4 12. a3 Nc6 13. Bg5 Bxb2 14. Ra2 Bg7 15.
Re1 Rb8 16. Nd2 f6 17. Be3 Ne5 18. Be4 Bg4 19. Qc2 Bh3 20. d4 cxd4 21. Bxd4 Nc6
22. Bd5+ Kh8 23. Nf3 Nxd4 24. Nxd4 Qb6 25. Qd2 e5 26. Ne2 Bd7 27. Rb1 Qxb1+ 28.
Kg2 Qb6 29. Rb2 Qc5 30. Qd3 Bf5 31. Qc3 Rfe8 32. Bxb7 Be6 33. Rb5 Qxc4 34. Qb2
Qa2 35. Qxa2 Bxa2 36. Bc6 Rxb5 37. Bxb5 Rd8 38. Nc3 Be6 39. Be2 Bf8 40. Nb5 a5
41. Nc3 d5 42. Na4 Bxa3 43. Nc5 Bd7 44. Nb7 Ra8 0-1

[Event "AUTO-BEG-675"]
[Site "http://www.queenalice.com/game.php?id=1645266"]
[Date "2021.3.1"]
[Round "1"]
[White "Cowdog"]
[Black "gillou77"]
[Result "1-0"]
[WhiteElo "1357"]
[BlackElo "1277"]

1. e4 d5 2. exd5 e5 3. dxe6 Bxe6 4. Nf3 Nc6 5. Bb5 a6 6. Ba4 b5 7. Bb3 Bxb3 8.
axb3 Nf6 9. O-O Bc5 10. c3 h5 11. d4 O-O 12. dxc5 Qe7 13. Be3 Ne4 14. Qd5 a5 15.
Qxc6 b4 16. c4 g5 17. Qb5 1-0

[Event "AUTO-BEG-675"]
[Site "http://www.queenalice.com/game.php?id=1645267"]
[Date "2021.3.1"]
[Round "1"]
[White "gillou77"]
[Black "Cowdog"]
[Result "0-1"]
[WhiteElo "1291"]
[BlackElo "1343"]

1. e4 c5 2. d4 cxd4 3. Qxd4 Nc6 4. Qc4 d6 5. Nc3 Nf6 6. Nf3 Be6 7. Qd3 g6 8. Bg5
Bg7 9. a4 O-O 10. O-O-O Rc8 11. h4 h5 12. b3 Ng4 13. Nb5 Nxf2 14. Qe2 Nxh1 15.
e5 Bxe5 16. Nxa7 Nxa7 0-1

[Event "Challenge"]
[Site "http://www.queenalice.com/game.php?id=1645954"]
[Date "2021.3.7"]
[Round "-"]
[White "Cowdog"]
[Black "dejami"]
[Result "0-1"]
[WhiteElo "1413"]
[BlackElo "1670"]

1. e4 e5 2. Nc3 c6 3. d4 d6 4. Be3 Nf6 5. f4 b5 6. dxe5 Ng4 7. Bd2 dxe5 8. h3
Nf6 9. fxe5 Nfd7 10. Qf3 Nxe5 11. Qh5 Nbd7 12. Nf3 Nf6 13. Qxe5+ Be6 14. Ng5 Nd7
15. Qd4 Bc5 16. Qxg7 Rf8 17. Nxh7 Qh4+ 18. Kd1 O-O-O 19. Bg5 Qf2 20. Bxd8 Rxd8
21. Ng5 Ne5+ 22. Bd3 Nxd3 23. cxd3 Be3 24. Ne2 Rxd3+ 25. Kc2 Qxe2+ 26. Kb1 Rd1+
27. Rxd1 Qxd1# 0-1

[Event "Challenge"]
[Site "http://www.queenalice.com/game.php?id=1645955"]
[Date "2021.3.7"]
[Round "-"]
[White "dejami"]
[Black "Cowdog"]
[Result "1-0"]
[WhiteElo "1665"]
[BlackElo "1325"]

1. e4 c5 2. Bc4 d6 3. Qf3 Nf6 4. h3 g6 5. d3 Bg7 6. g4 Nc6 7. c3 O-O 8. g5 Nh5
9. Nd2 Ne5 10. Qg2 Nf4 11. Qf1 Nxc4 12. Nxc4 Be6 13. Bxf4 1-0